Central Library OPAC University of Rajshahi

The emergence of the Palestinian-Arab national movement, 1918-1929 / (Record no. 27214)

MARC details
000 -LEADER
fixed length control field 01166cam a2200325 4500
001 - CONTROL NUMBER
control field 27214
003 - CONTROL NUMBER IDENTIFIER
rucl marc code BD-RjUL
005 - DATE AND TIME OF LATEST TRANSACTION
control field 20211209051128.0
008 - FIXED-LENGTH DATA ELEMENTS--GENERAL INFORMATION
fixed length control field 140324t1974 enk b 001 0 eng d
020 ## - INTERNATIONAL STANDARD BOOK NUMBER
International Standard Book Number 0714629391
035 ## - SYSTEM CONTROL NUMBER
System control number (BD-RjUL)27286
040 ## - CATALOGING SOURCE
Original cataloging agency DLC
Transcribing agency DLC
Modifying agency DLC
-- BD-RjUL
Language of cataloging eng
041 1# - LANGUAGE CODE
Language code of text/sound track or separate title engheb
082 00 - DEWEY DECIMAL CLASSIFICATION NUMBER
Classification number 956.9404
Author mark and year POE 1974
100 1# - MAIN ENTRY--PERSONAL NAME
Personal name Porath, Yehoshua.
9 (RLIN) 83512
245 14 - TITLE STATEMENT
Title The emergence of the Palestinian-Arab national movement, 1918-1929 /
Statement of responsibility, etc. [by] Y. Porath.
260 ## - PUBLICATION, DISTRIBUTION, ETC. (IMPRINT)
Place of publication, distribution, etc. London :
Name of publisher, distributor, etc. Cass,
Date of publication, distribution, etc. 1974.
300 ## - PHYSICAL DESCRIPTION
Pagination vi, 406 p. ;
Size 22 cm.
350 ## - PRICE (NR) (BK AM CF MU VM SE) [OBSOLETE]
Price £7.50
500 ## - GENERAL NOTE
General note Continued by the author's The Palestinian Arab national movement, 1929-1939.
General note Translation of Tsemiḥat ha-tenuʻah ha-leʾumit ha-ʻArvit-ha-Palesṭinaʾit, 1918-1929.
General note A translation of the author's thesis, Hebrew University, 1971.
504 ## - BIBLIOGRAPHY, ETC. NOTE
Bibliography, etc includes index.
650 #0 - SUBJECT ADDED ENTRY--TOPICAL TERM
Topical term or geographic name as entry element Palestinian Arabs.
9 (RLIN) 83513
651 #0 - SUBJECT ADDED ENTRY--GEOGRAPHIC NAME
Geographic name Palestine
General subdivision History
Chronological subdivision 1917-1948.
9 (RLIN) 83286
942 ## - ADDED ENTRY ELEMENTS (KOHA)
Source of classification or shelving scheme Dewey Decimal Classification
Koha item type Books
Holdings
Lost status Source of classification or shelving scheme Damaged status Not for loan Collection code Permanent Location Current Location Shelving location Date acquired Source of acquisition Cost, normal purchase price Total Checkouts Full call number Date last seen Copy number Koha item type
  Dewey Decimal Classification   Added to bundle Non-fiction Central Library, University of Rajshahi Central Library, University of Rajshahi Reading Room 10/06/1975 Jonathan wren & co. 7.50   956.9404 POE 1974 24/03/2014 C-1 Books